<?xml version="1.0" encoding="UTF-8"?><?xml-stylesheet type="text/xsl" href="static/style.xsl"?><OAI-PMH xmlns="http://www.openarchives.org/OAI/2.0/" xmlns:xsi="http://www.w3.org/2001/XMLSchema-instance" xsi:schemaLocation="http://www.openarchives.org/OAI/2.0/ http://www.openarchives.org/OAI/2.0/OAI-PMH.xsd"><responseDate>2026-06-02T01:12:54Z</responseDate><request verb="GetRecord" identifier="oai:riubu.ubu.es:10259/6510" metadataPrefix="marc">https://riubu.ubu.es/oai/request</request><GetRecord><record><header><identifier>oai:riubu.ubu.es:10259/6510</identifier><datestamp>2022-04-01T07:45:36Z</datestamp><setSpec>com_10259.4_103</setSpec><setSpec>com_10259.4_1</setSpec><setSpec>com_10259_2604</setSpec><setSpec>col_10259_6504</setSpec></header><metadata><record xmlns="http://www.loc.gov/MARC21/slim" xmlns:doc="http://www.lyncode.com/xoai" xmlns:xsi="http://www.w3.org/2001/XMLSchema-instance" xmlns:dcterms="http://purl.org/dc/terms/" xsi:schemaLocation="http://www.loc.gov/MARC21/slim http://www.loc.gov/standards/marcxml/schema/MARC21slim.xsd">
<leader>00925njm 22002777a 4500</leader>
<datafield tag="042" ind1=" " ind2=" ">
<subfield code="a">dc</subfield>
</datafield>
<datafield tag="720" ind1=" " ind2=" ">
<subfield code="a">Cadiñanos Bardeci, Inocencio</subfield>
<subfield code="e">author</subfield>
</datafield>
<datafield tag="260" ind1=" " ind2=" ">
<subfield code="c">2017</subfield>
</datafield>
<datafield tag="520" ind1=" " ind2=" ">
<subfield code="a">Nuestro trabajo analiza la implantación del modelo&#xd;
militar creado por Napoleón. Las Actas de 1809-1810 reflejan la&#xd;
organización administrativa militar de Burgos en la Edad Moderna&#xd;
y las competencias de sus comisarios. Nos dan una idea aproximada&#xd;
del medio económico, los transportes, la sanidad y el contexto&#xd;
político y social cambiante. El modelo puede servir como referencia&#xd;
para el estudio de los modos de organización de otras comandancias&#xd;
de comienzos del siglo XIX.</subfield>
</datafield>
<datafield tag="520" ind1=" " ind2=" ">
<subfield code="a">In this word we analyse the establishment of the model&#xd;
military created by Napoleón. The Actas of 1809-1810 reflect the&#xd;
administrative military organization and the competence of there&#xd;
comissary. It also gives us a rough idea of the economic environment,&#xd;
transport, health care in a changing social and political context. This&#xd;
model can be reference to study how other comads at the beginning&#xd;
of this 19th century.</subfield>
</datafield>
<datafield tag="024" ind2=" " ind1="8">
<subfield code="a">0211-8998</subfield>
</datafield>
<datafield tag="024" ind2=" " ind1="8">
<subfield code="a">http://hdl.handle.net/10259/6510</subfield>
</datafield>
<datafield ind1=" " ind2=" " tag="653">
<subfield code="a">Actas</subfield>
</datafield>
<datafield ind1=" " ind2=" " tag="653">
<subfield code="a">Guerra de Independencia</subfield>
</datafield>
<datafield ind1=" " ind2=" " tag="653">
<subfield code="a">Comisarios</subfield>
</datafield>
<datafield ind1=" " ind2=" " tag="653">
<subfield code="a">Comienzos del siglo XIX</subfield>
</datafield>
<datafield ind1=" " ind2=" " tag="653">
<subfield code="a">Minutes</subfield>
</datafield>
<datafield ind1=" " ind2=" " tag="653">
<subfield code="a">Peninsular War</subfield>
</datafield>
<datafield ind1=" " ind2=" " tag="653">
<subfield code="a">Comissary</subfield>
</datafield>
<datafield ind1=" " ind2=" " tag="653">
<subfield code="a">The beginning of this 19th century</subfield>
</datafield>
<datafield tag="245" ind1="0" ind2="0">
<subfield code="a">La intendencia militar durante la ocupación francesa de Burgos según el Libro de Acuerdos de las Juntas de 1809 y 1810</subfield>
</datafield>
</record></metadata></record></GetRecord></OAI-PMH>